Mathematik für Kaufleute kurze Einführung in die Buchstabenrechnung

Guardado en:
Detalles Bibliográficos
Formato: Libro
Lenguaje:alemán
Publicado: Zürich Schweizerischer Kaufmännischer Verein 1948
Etiquetas: Agregar Etiqueta
Sin Etiquetas, Sea el primero en etiquetar este registro!

MARC

LEADER 00000nam a2200000 4500
001 0308228
005 20250425103325.0
041 0 |a ger 
044 |a CH 
245 1 0 |a Mathematik für Kaufleute  |b kurze Einführung in die Buchstabenrechnung  |c H. Biedermann 
264 1 |a Zürich  |b Schweizerischer Kaufmännischer Verein  |c 1948